Entrada Nombre personal
Número de registros utilizados en: 3
001 - NÚMERO DE CONTROL
- campo de control: 107114
003 - IDENTIFICADOR DE NÚMERO DE CONTROL
- campo de control: SpMaBN
005 - FECHA Y HORA DE LA ÚLTIMA TRANSACCIÓN
- campo de control: 20240424162741.0
008 - ELEMENTOS DE DATO DE LONGITUD-FIJA
- campo de control de longitud fija: 960117n| aijnnaabn |a aaa
016 ## - NÚMERO DE CONTROL DE UNA AGENCIA BIBLIOGRÁFICA NACIONAL
- Número de control del registro: BNE19960034883
024 7# - IDENTIFICADOR DE OTROS ESTÁNDARES
- Número estándar o código: http://viaf.org/viaf/87932354/
- Fuente: viaf
024 7# - IDENTIFICADOR DE OTROS ESTÁNDARES
- Número estándar o código: https://isni.org/isni/0000000060113462
- Fuente: isni
024 7# - IDENTIFICADOR DE OTROS ESTÁNDARES
- Número estándar o código: http://www.wikidata.org/entity/Q20534752
- Fuente: wikidata
040 ## - FUENTE DE CATALOGACIÓN
- Centro catalogador/agencia de origen: SpMaBN
- Lengua de catalogación: spa
- Centro/agencia transcriptor: SpMaBN
- Normas de descripción: rdc
- Convención/Normas de encabezamiento de materia/tesauro: embne
046 ## - FECHAS CON CODIFICACIÓN ESPECIAL
- Fecha de nacimiento: 1854
- Fecha de la muerte: 1931
100 1# - ENCABEZAMIENTO-NOMBRE DE PERSONA
- Nombre de persona: Soldevilla, Fernando,
- Fechas asociadas al nombre: 1854-1931
370 ## - LUGAR ASOCIADO
- Lugar de nacimiento: Escalona, Toledo, España
- Fuente de información: (Wikidata)
- Número de control del registro de autoridad o número normalizado: XX451128
373 ## - GRUPO ASOCIADO
- Grupo asociado: Asociación de la Prensa de Madrid
- Fuente de información: Wikidata
374 ## - OCUPACIÓN
- Ocupación: Escritores
- Fuente de información: Wikidata
375 ## - GÉNERO/SEXO
- Género: Masculino
377 ## - IDIOMA ASOCIADO
- Término de lengua/lenguaje: Español
400 1# - TRAZADO DE VÉASE--NOMBRE DE PERSONA
- Nombre de persona: Soldevilla Ruiz, Fernando,
- Fechas asociadas al nombre: 1854-1931
400 1# - TRAZADO DE VÉASE--NOMBRE DE PERSONA
- Nombre de persona: Soldevilla y Ruiz, Fernando,
- Fechas asociadas al nombre: 1854-1931
670 ## - FUENTE DE DATOS ENCONTRADOS
- Cita de la fuente: El año político, 1895-1928
- Información encontrada: Año 1, 1895 port. (Fernando Soldevilla)
670 ## - FUENTE DE DATOS ENCONTRADOS
- Cita de la fuente: Compendio de literatura general y de historia de la literatura española e hispano-americana desde los comienzos del siglo XX, 1930
- Información encontrada: port. (Fernando Soldevilla)
670 ## - FUENTE DE DATOS ENCONTRADOS
- Cita de la fuente: Palau
- Información encontrada: (Soldevilla, Fernando; Soldevilla Ruiz)
670 ## - FUENTE DE DATOS ENCONTRADOS
- Cita de la fuente: Dic. del teatro, 1997
- Información encontrada: (Soldevilla y Ruiz, Fernando; n. 1854 en Escalona de Alberche, m. 1931 en Madrid; periodista, político y dramaturgo)
